| 000 | 00648nam a2200181 a 4500 | ||
|---|---|---|---|
| 005 | 20240416064114.0 | ||
| 008 | 991125s1928 mx 000 0 spa u | ||
| 035 | _aUPN01000006432 | ||
| 049 | _aSEP | ||
| 050 | 4 |
_aL227 D342 _bB2 1928 |
|
| 110 | 1 |
_aMéxico. _bDepartamento de Enseñanza Primaria y Normal _928107 |
|
| 245 | 1 | 0 |
_aCampaña pro-lengua nacional / _cDepartamento de Enseñanza Primaria y Normal. |
| 260 |
_aMéxico : _bSEP, Departamento de Enseñanza Primaria y Normal, _c1928. |
||
| 300 | _a47 p. | ||
| 500 | _aDisponible en la Colección Medina | ||
| 650 | 4 |
_aLenguaje y lenguas _xEstudio y enseñanza (Elemental) _97681 |
|
| 905 | _aLibro | ||
| 999 |
_c6432 _d6432 |
||